Prínos cielenia inflácie k teórii a praxi menovej politiky vo svete a v krajinách V4

Cielenie inflácie ako jednej z viacerých možností vedenia menovej politiky. Princípy režimu cielenia inflácie. Prínos cielenia inflácie pre menovú politiku vo svete. Prínos cielenia inflácie pre menovú politiku v krajinách V4. Schéma zjednodušeného transmisného mechanizmu v režime cielenia inflácie.

Enregistré dans:
Détails bibliographiques
Auteur principal: Šulajová, Žaneta
Format: Chapitre de livre
Langue:slovaque
Sujets:
Tags: Ajouter un tag
Pas de tags, Soyez le premier à ajouter un tag!

MARC

LEADER 00000naa$a2200000$$$4500
001 0004916
005 20231004075717.0
041 0 |a slo 
044 |a CZ 
245 1 0 |a Prínos cielenia inflácie k teórii a praxi menovej politiky vo svete a v krajinách V4  |c aut. Žaneta Šulajová 
520 |a Cielenie inflácie ako jednej z viacerých možností vedenia menovej politiky. Princípy režimu cielenia inflácie. Prínos cielenia inflácie pre menovú politiku vo svete. Prínos cielenia inflácie pre menovú politiku v krajinách V4. Schéma zjednodušeného transmisného mechanizmu v režime cielenia inflácie. 
610 2 0 |a cielenie inflácie 
610 2 0 |a nástroje politiky menovej 
610 2 0 |a politika menová 
610 2 0 |a stratégia menová 
610 2 0 |a banky centrálne 
610 2 0 |a svet 
610 2 0 |a Vyšehradská štvorka 
100 1 |a Šulajová, Žaneta